000 00571nam a2200181Ia 4500
008 100920s9999 xx 000 0 und d
082 _b83070
_a330 न 04
100 _aSINGHANIA VINOD K. / SINGHANIA KAPIL.
245 _aSTUDENTS GUIDE TO INCOME TAX.
260 _bTaxmann publications Ltd . , Delhi.
_c2004
300 _a958
_bसाधी
365 _b255
520 _aअर्थशास्त्र.
630 _aSTUDENTS GUIDE TO INCOME TAX.
650 _aअर्थशास्त्र.
730 _aSTUDENTS GUIDE TO INCOME TAX.
942 _cBOOK
999 _c723716
_d723713